000 00798nam a2200229Ia 4500
003 OSt
005 20220918110727.0
006 a|||||r|||| 00| 0
007 ta
008 220915b |||||||| |||| 00| 0 hin d
024 _a200351
037 _cReference Collections
040 _aARTS
_cARTS
_bhin
041 _2hin
_ahin
082 _aV1k, 152M3.1-.2(RR)
100 _aभण्डारी, चन्द्रराज
_91672
245 0 _aविश्व इतिहास कोश 2 खण्ड
246 _aVishva itihās kosh 2 khaṇḍa
260 _aदिल्ली
_bअक्षर प्रकाशन
_c1983
942 _hV1k, 152M3.1-.2(RR)
_cREF
999 _c114272
_d114272